{"text_format":"3","workbook":"xls","n_sheets":3,"sheets":["球磨铸铁管清单","PE管清单","阀门清单"],"not_rendered":{"external_links":1,"defined_names":3},"read":"whole","date_system":"1900","formulas":"cached_only"}

{"sheet":"球磨铸铁管清单","index":0,"n_rows":77,"n_cols":11,"rows_kept":77,"merged":[[0,0,0,7],[76,0,76,5]],"flags":["formulas_cached_only"]}
["丰县地面水厂一期配套清水管网工程G标段（球墨铸铁管采购）\n材料采购清单",null,null,"","",null,null,""]
["序号","产品名称","特征描述","单位","数量","单价（元）","合价（元）","备注","重量（kg/m或个）"]
["一","主要材料"]
["（一）","西环～北苑路"]
[1,"DN600球墨铸铁管","1.材质：球墨铸铁\n2.壁厚级别:k9 \n3.接口：承插柔性接口\n4.含橡胶密封胶圈(SBR)","m",4199.58,null,null,"",459.67,3.95,1816]
[2,"DN1200*600（承插单盘三通）","1.材质：球墨铸铁\n2.壁厚级别:k12 \n3.含法兰盘连接螺栓和螺母","个",1,{"$nulls":3},134,10,1340]
[3,"DN600（22.5°承插弯头）","1.材质：球墨铸铁\n2.壁厚级别:k12 \n3.含法兰盘连接螺栓和螺母","个",1,{"$nulls":3},335,10,3350]
[4,"DN600（45°承插弯头）","1.材质：球墨铸铁\n2.壁厚级别:k12 \n3.含法兰盘连接螺栓和螺母","个",4,{"$nulls":3},983,10,9830]
[5,"DN600（盘插短管,L=0.5米）","1.材质：球墨铸铁\n2.壁厚级别:k12 \n3.含法兰盘连接螺栓和螺母","个",9,{"$nulls":3},1213,10,12130]
[6,"DN600（盘承短管）","1.材质：球墨铸铁\n2.壁厚级别:k12 \n3.含法兰盘连接螺栓和螺母","个",9,{"$nulls":3},477.6,10,4776]
[7,"DN600*200（承插单盘排泥三通）","1.材质：球墨铸铁\n2.壁厚级别:k12 \n3.含法兰盘连接螺栓和螺母","个",6,{"$nulls":3},763.2,10,7632]
[8,"DN600*80（承插单盘排气三通）","1.材质：球墨铸铁\n2.壁厚级别:k12 \n3.含法兰盘连接螺栓和螺母","个",8,{"$nulls":3},540,10,5400]
[9,"DN600*DN100（承插单盘三通）","1.材质：球墨铸铁\n2.壁厚级别:k12 \n3.含法兰盘连接螺栓和螺母","个",36]
[10,"DN600*DN300（承插单盘三通）","1.材质：球墨铸铁\n2.壁厚级别:k12 \n3.含法兰盘连接螺栓和螺母","个",4]
[11,"DN600*DN500（承插单盘三通）","1.材质：球墨铸铁\n2.壁厚级别:k12 \n3.含法兰盘连接螺栓和螺母","个",1]
[12,"DN800(盘承短管)","1.材质：球墨铸铁\n2.壁厚级别:k12 \n3.含法兰盘连接螺栓和螺母","个",1,null,null,"",459.67,3.95,1816]
[13,"DN800（全盘三通）","1.材质：球墨铸铁\n2.壁厚级别:k12 \n3.含法兰盘连接螺栓和螺母","个",1,null,null,"",336.17,3.95,1328]
[14,"DN800*600（异径管）","1.材质：球墨铸铁\n2.壁厚级别:k12 \n3.含法兰盘连接螺栓和螺母","个",2,{"$nulls":3},983,10,9830]
[15,"蝶阀伸缩器DN600","1.材质：球墨铸铁\n2.壁厚级别:k12 \n4.含法兰盘连接螺栓和螺母","个",5]
[16,"橡胶圈","1.DN600(SBR)","个",1028,{"$nulls":3},1213,10,12130]
[17,"橡胶圈","1.DN800(SBR)","个",8,{"$nulls":3},1213,10,12130]
[18,"橡胶圈","1.DN1200(SBR)","个",2,{"$nulls":3},1307,10,13070]
["（二）","解放大道～向阳路",{"$nulls":6},134,10,1340]
[1,"DN500球墨铸铁管","1.材质：球墨铸铁\n2.壁厚级别:k9 \n3.接口：承插柔性接口\n4.含橡胶密封胶圈(SBR)","m",1868.5,{"$nulls":3},335,10,3350]
[2,"铸铁管管件DN500（11.25°承插弯头)","1.材质：球墨铸铁\n2.壁厚级别:k12 \n3.含法兰盘连接螺栓和螺母","个",10,{"$nulls":3},477.6,10,4776]
[3,"铸铁管件DN500(22.5°承插弯头)","1.材质：球墨铸铁\n2.壁厚级别:k12 \n3.含法兰盘连接螺栓和螺母","个",10,{"$nulls":3},763.2,10,7632]
[4,"铸铁管件DN500(45°承插弯头)","1.材质：球墨铸铁\n2.壁厚级别:k12 \n3.含法兰盘连接螺栓和螺母","个",2,{"$nulls":3},720,10,7200]
[5,"铸铁管件DN500(盘插短管)","1.材质：球墨铸铁\n2.壁厚级别:k12 \n3.含法兰盘连接螺栓和螺母","个",14,{"$nulls":3},90.2,10,902]
[6,"铸铁管件DN500(盘承短管)","1.材质：球墨铸铁\n2.壁厚级别:k12 \n3.含法兰盘连接螺栓和螺母","个",13,{"$nulls":3},246,10,2460]
[7,"铸铁管件DN500*100(承插单盘三通)","1.材质：球墨铸铁\n2.壁厚级别:k12 \n3.含法兰盘连接螺栓和螺母","个",5,{"$nulls":3},450,10,4500]
[8,"铸铁管件DN500*100(承插单盘三通)","1.材质：球墨铸铁\n2.壁厚级别:k12 \n3.含法兰盘连接螺栓和螺母","个",16,{"$nulls":3},398,10,3980]
[9,"铸铁管件DN500*80(承插单盘排气三通)","1.材质：球墨铸铁\n2.壁厚级别:k12 \n3.含法兰盘连接螺栓和螺母","个",6,{"$nulls":3},618,10,6180]
[10,"铸铁管件DN800*500(承插单盘三通)","1.材质：球墨铸铁\n2.壁厚级别:k12 \n3.含法兰盘连接螺栓和螺母","个",4,{"$nulls":3},823,10,8230]
[11,"蝶阀伸缩器DN500","1.材质：球墨铸铁\n2.壁厚级别:k12 \n4.含法兰盘连接螺栓和螺母","个",5]
[12,"橡胶圈","DN800(SBR)","个",8]
[13,"橡胶圈","DN500(SBR)","个",548,null,null,"",459.67,3.95,1816]
["（三）","向阳路～北苑路",{"$nulls":6},232.33,3.95,918]
[1,"DN500球墨铸铁管","1.材质：球墨铸铁\n2.壁厚级别:k9 \n3.接口：承插柔性接口\n4.含橡胶密封胶圈(SBR)","m",774.67,null,null,"",147.17,3.95,581]
[2,"铸铁管管件DN500（11.25°承插弯头)","1.材质：球墨铸铁\n2.壁厚级别:k12 \n3.含法兰盘连接螺栓和螺母","个",4,{"$nulls":3},134,10,1340]
[3,"铸铁管件DN500(45°承插弯头)","1.材质：球墨铸铁\n2.壁厚级别:k12 \n3.含法兰盘连接螺栓和螺母","个",2,{"$nulls":3},335,10,3350]
[4,"铸铁管件DN500(盘插短管)","1.材质：球墨铸铁\n2.壁厚级别:k12 \n3.含法兰盘连接螺栓和螺母","个",11,{"$nulls":3},983,10,9830]
[5,"铸铁管件DN500(盘承短管)","1.材质：球墨铸铁\n2.壁厚级别:k12 \n3.含法兰盘连接螺栓和螺母","个",11,{"$nulls":3},1213,10,12130]
[6,"铸铁管件DN500*100(承插单盘排气三通)","1.材质：球墨铸铁\n2.壁厚级别:k12 \n3.含法兰盘连接螺栓和螺母","个",2,{"$nulls":3},32.7,10,327]
[7,"铸铁管件DN500*100(承插单盘三通)","1.材质：球墨铸铁\n2.壁厚级别:k12 \n3.含法兰盘连接螺栓和螺母","个",5,{"$nulls":3},102,10,1020]
[8,"蝶阀伸缩器DN500","1.材质：球墨铸铁\n2.壁厚级别:k12 \n3.含法兰盘连接螺栓和螺母","个",5]
[9,"DN500*200(承插单盘排泥三通)","1.材质：球墨铸铁\n2.壁厚级别:k12 \n3.含法兰盘连接螺栓和螺母","个",1]
[10,"橡胶圈DN500",null,"个",242,{"$nulls":3},377,10,3770]
["（四）","中阳大道～东环路"]
[1,"DN315*90排泥三通","1.材质：球墨铸铁\n2.壁厚级别:k12 \n3.含法兰盘连接螺栓和螺母","个",5]
[2,"DN1200*300承插单盘三通","1.材质：球墨铸铁\n2.壁厚级别:k12 \n3.含法兰盘连接螺栓和螺母","个",1]
[3,"橡胶圈DN300","DN300(SBR)","个",10]
["（五）","河滨路(南环路至北环路）",{"$nulls":6},745,10,7450]
[1,"球墨铸铁管D800","1.材质：球墨铸铁\n2.壁厚级别:k9 \n3.接口：承插柔性接口\n4.含橡胶密封胶圈(SBR)","m",2951.22]
[2,"球墨铸铁管DN400","1.材质：球墨铸铁\n2.壁厚级别:k12 \n3.含法兰盘连接螺栓和螺母","个",1555.4]
[3,"铸铁管件DN800(盘插短管）","1.材质：球墨铸铁\n2.壁厚级别:k12 \n3.含法兰盘连接螺栓和螺母","个",12]
[4,"蝶阀伸缩器DN800","1.材质：球墨铸铁\n2.壁厚级别:k12 \n3.含法兰盘连接螺栓和螺母","个",12]
[5,"铸铁管件DN800(45°承插弯头)","1.材质：球墨铸铁\n2.壁厚级别:k12 \n3.含法兰盘连接螺栓和螺母","个",10,null,null,"",147.17,3.95,581]
[6,"铸铁管件DN800(22.5°承插弯头)","1.材质：球墨铸铁\n2.壁厚级别:k12 \n3.含法兰盘连接螺栓和螺母","个",2,{"$nulls":3},32.7,10,327]
[7,"DN1200*800异径管","1.材质：球墨铸铁\n2.壁厚级别:k12 \n3.含法兰盘连接螺栓和螺母","个",1,{"$nulls":3},102,10,1020]
[8,"铸铁管件DN600*200（承插单盘三通）","1.材质：球墨铸铁\n2.壁厚级别:k12 \n3.含法兰盘连接螺栓和螺母","个",2,{"$nulls":3},243,10,2430]
[9,"铸铁管件DN800(盘承短管)","1.材质：球墨铸铁\n2.壁厚级别:k12 \n3.含法兰盘连接螺栓和螺母","个",11,{"$nulls":3},276,10,2760]
[10,"DN400*80承插单盘排气三通","1.材质：球墨铸铁\n2.壁厚级别:k12 \n3.含法兰盘连接螺栓和螺母","个",2,{"$nulls":3},200,10,2000]
[11,"DN400*100承插单盘排泥三通","1.材质：球墨铸铁\n2.壁厚级别:k12 \n3.含法兰盘连接螺栓和螺母","个",1,{"$nulls":3},161,10,1610]
[12,"铸铁管件DN800*80（承插单盘排气三通）","1.材质：球墨铸铁\n2.壁厚级别:k12 \n3.含法兰盘连接螺栓和螺母","个",10]
[13,"铸铁管件DN800*400异径管）","1.材质：球墨铸铁\n2.壁厚级别:k12 \n3.含法兰盘连接螺栓和螺母","个",1]
[14,"铸铁管件DN800*100（承插单盘三通）","1.材质：球墨铸铁\n2.壁厚级别:k12 \n3.含法兰盘连接螺栓和螺母","个",40]
[15,"DN400盘承短管","1.材质：球墨铸铁\n2.壁厚级别:k12 \n3.含法兰盘连接螺栓和螺母","个",10]
[16,"铸铁管件DN800*300(承插单盘排泥三通)","1.材质：球墨铸铁\n2.壁厚级别:k12 \n3.含法兰盘连接螺栓和螺母","个",4]
[17,"铸铁管件DN800*200(承插单盘排泥三通)","1.材质：球墨铸铁\n2.壁厚级别:k12 \n3.含法兰盘连接螺栓和螺母","个",3]
[18,"盘插短管DN400","1.材质：球墨铸铁\n2.壁厚级别:k12 \n3.含法兰盘连接螺栓和螺母","个",10]
[19,"盘插弯头DN400,22.5°","1.材质：球墨铸铁\n2.壁厚级别:k12 \n3.含法兰盘连接螺栓和螺母","个",2]
[20,"橡胶圈","DN400(SBR)","个",52]
[21,"橡胶圈","DN600(SBR)","个",4]
[22,"橡胶圈","DN800(SBR)","个",818]
[23,"橡胶圈","DN1200(SBR)","个",320]
[null,"合计"]
["",null,null,"",""]

{"sheet":"PE管清单","index":1,"n_rows":42,"n_cols":8,"rows_kept":42,"merged":[[0,0,0,7]],"flags":["formulas_cached_only"]}
["丰县地面水厂一期配套清水管网工程H标段（PE管采购）\n材料采购清单"]
["序号","产品名称","特征描述","单位","数量","单价（元）","合价（元）","备注"]
["一","主要材料"]
["（一）","西环～北苑路"]
[1,"De200 PE100管(SDR17)","1.规格：聚乙烯PE100管，标准尺寸比SDR17（承压1.0MPa)；\n2.连接方式：热熔连接。","m",123.83]
[2,"De315 PE100管(SDR17)","1.规格：聚乙烯PE100管，标准尺寸比SDR17（承压1.0MPa)；\n2.连接方式：热熔连接。","m",85.26]
[3,"De630 PE100管(SDR11)","1.规格：聚乙烯PE100管，标准尺寸比SDR11（承压1.6MPa)；\n2.连接方式：热熔连接。","m",558.96]
[4,"De200钢塑转换件",null,"个",14]
[5,"De300钢塑转换件",null,"个",8]
[6,"De600钢塑转换件",null,"个",8]
["（二）","解放大道～向阳路"]
[1,"de500聚乙烯PE100管（SDR11)","1.规格：聚乙烯PE100管，标准尺寸比SDR11（承压1.6MPa)；\n2.连接方式：热熔连接。","m",262.14]
[2,"De315钢塑转换件",null,"个",12]
[3,"De500钢塑转换件",null,"个",6]
["（三）","向阳路～北苑路"]
[1,"De200 PE100管(SDR17)","1.规格：聚乙烯PE100管，标准尺寸比SDR17（承压1.0MPa)；\n2.连接方式：热熔连接。","m",42.63]
[2,"De315 PE100管(SDR17)","1.规格：聚乙烯PE100管，标准尺寸比SDR17（承压1.0MPa)；\n2.连接方式：热熔连接。","m",6.09]
[3,"De200钢塑转换件",null,"个",4]
[4,"De315钢塑转换件",null,"个",2]
["（四）","向阳路～北苑路"]
[1,"De110 PE100管(SDR17)","1.规格：聚乙烯PE100管，标准尺寸比SDR17（承压1.0MPa)；\n2.连接方式：热熔连接。","m",36.54]
[2,"De200 PE100管(SDR17)","1.规格：聚乙烯PE100管，标准尺寸比SDR17（承压1.0MPa)；\n2.连接方式：热熔连接。","m",66.99]
[3,"De315聚乙烯PE100(SDR11)","1.规格：聚乙烯PE100管，标准尺寸比SDR11（承压1.6MPa)；\n2.连接方式：热熔连接。","m",522.24]
[4,"De315 PE100管(SDR17)","1.规格：聚乙烯PE100管，标准尺寸比SDR17（承压1.0MPa)；\n2.连接方式：热熔连接。","m",2455.285]
[5,"De315，45°PE弯头","1.规格：聚乙烯PE100；\n2.连接方式：热熔连接。","个",2]
[6,"De315*100热熔异三通","1.规格：聚乙烯PE100；\n2.连接方式：热熔连接。","个",6]
[7,"De315*110热熔异三通","1.规格：聚乙烯PE100；\n2.连接方式：热熔连接。","个",22]
[8,"De315*200热熔异三通","1.规格：聚乙烯PE100；\n2.连接方式：热熔连接。","个",11]
[9,"De90钢塑转换件",null,"个",10]
[10,"De110钢塑转换件",null,"个",6]
[11,"De200钢塑转换件",null,"个",11]
[12,"De315钢塑转换件",null,"个",25]
["(五）","河滨路（南环路至）北环路"]
[1,"De315 PE100管(SDR17)","1.规格：聚乙烯PE100管，标准尺寸比SDR17（承压1.0MPa)；\n2.连接方式：热熔连接。","m",54.81]
[2,"De200 PE100管(SDR17)","1.规格：聚乙烯PE100管，标准尺寸比SDR17（承压1.0MPa)；\n2.连接方式：热熔连接。","m",18.27]
[3,"De400 PE100管（SDR11)","1.规格：聚乙烯PE100管，标准尺寸比SDR11（承压1.6MPa)；\n2.连接方式：热熔连接。","m",265.2]
[4,"De800 PE100管（SDR11)","1.规格：聚乙烯PE100管，标准尺寸比SDR11（承压1.6MPa)；\n2.连接方式：热熔连接。","m",268.26]
[5,"De800钢塑转换件","","个",6]
[6,"De315钢塑转换件","","个",8]
[7,"De200钢塑转换件","","个",4]
[8,"De400钢塑转换件",null,"个",8]
[null,"合计"]

{"sheet":"阀门清单","index":2,"n_rows":43,"n_cols":8,"rows_kept":43,"merged":[[0,0,0,7]],"flags":["formulas_cached_only"]}
["丰县地面水厂一期配套清水管网工程I标段（阀门采购）\n采购材料清单",null,"","","",null,"",""]
["序号","产品名称","特征描述","单位","数量","单价（元）","合价（元）","备注"]
["一","主要材料"]
["（一）","西环～北苑路"]
[1,"DN100立式闸阀","1.型号：Z45X—1.0法兰式软密封弹性座封闸阀；\n2.基本性能：见技术条款；\n3.材质：\n阀体：     球墨铸铁QT450-10\n阀芯骨架：  球墨铸铁QT450-10\n阀芯橡胶：  NBR或EPDM\n阀杆螺母：  铸铝青铜或铸铝黄铜\n阀杆：      2Cr13\n阀盖：      球墨铸铁QT450-10\n止推轴承：  青铜或黄铜ZQSn5-5-5\n螺栓：     Q235A碳素钢镀锌\n","个",36,null,null,"手动闸阀"]
[2,"DN200立式闸阀","1.型号：Z45X—1.0法兰式软密封弹性座封闸阀；\n2.基本性能：见技术条款；\n3.材质：\n阀体：     球墨铸铁QT450-10\n阀芯骨架：  球墨铸铁QT450-10\n阀芯橡胶：  NBR或EPDM\n阀杆螺母：  铸铝青铜或铸铝黄铜\n阀杆：      2Cr13\n阀盖：      球墨铸铁QT450-10\n止推轴承：  青铜或黄铜ZQSn5-5-5\n螺栓：     Q235A碳素钢镀锌","个",7,null,null,"手动闸阀"]
[3,"DN200泄水阀","1.型号：RVHX型或Z45X型（国标）\n2.基本性能：见技术条款；                 3.材质：                                阀体：球墨铸铁QT450\n阀盖：球墨铸铁QT450\n密封圈：三元乙丙橡胶（EPDM）\nO型密封圈：三元乙丙橡胶（EPDM）\n防尘罩：三元乙丙橡胶（EPDM）\n阀板：球墨铸铁QT450外覆三元乙丙橡胶（EPDM）\n螺母：青铜\n阀杆：不锈钢2Cr13\n止推轴承：青铜\n轴盖：球墨铸铁QT450\n手轮：球墨铸铁QT450\n密封：EPDM","个",6,null,null,"手动闸阀"]
[4,"DN300立式闸阀","1.型号：Z45X—1.0法兰式软密封弹性座封闸阀；\n2.基本性能：见技术条款；\n3.材质：\n阀体：     球墨铸铁QT450-10\n阀芯骨架：  球墨铸铁QT450-10\n阀芯橡胶：  NBR或EPDM\n阀杆螺母：  铸铝青铜或铸铝黄铜\n阀杆：      2Cr13\n阀盖：      球墨铸铁QT450-10\n止推轴承：  青铜或黄铜ZQSn5-5-5\n螺栓：     Q235A碳素钢镀锌","个",4,null,null,"手动闸阀"]
[5,"DN600卧式蝶阀","1.型号：D341X—1.0法兰式软密封蝶阀；\n2.基本性能：见技术条款；\n3.材质：阀体和阀板：球墨铸铁GGG-40或更好\n阀轴：不锈钢2Cr13或更好\n阀座：球墨铸铁GGG-40或更好\n轴承：铸铝青铜或黄铜\n密封：EPDM","个",5,null,null,""]
[6,"DN80蝶阀","1.型号：D341X—1.0法兰式软密封蝶阀；\n2.基本性能：见技术条款；\n3.材质：阀体和阀板：球墨铸铁GGG-40或更好\n阀轴：不锈钢2Cr13或更好\n阀座：球墨铸铁GGG-40或更好\n轴承：铸铝青铜或黄铜\n密封：EPDM","个",8]
[7,"DN80复合排气阀","1.型号：FGP4X—1.0法兰式给水管道复合式高速排气阀；\n2.基本性能：见技术条款；\n3.材质：\n阀体：球墨铸铁\n阀盖：球墨铸铁\n浮球：不锈钢外包丁腈橡胶\n螺栓、螺母：Q235A碳素钢镀锌\n","个",8]
["（二）","解放大道～向阳路"]
[1,"DN100立式闸阀","1.型号：Z45X—1.0法兰式软密封弹性座封闸阀；\n2.基本性能：见技术条款；\n3.材质：\n阀体：     球墨铸铁QT450-10\n阀芯骨架：  球墨铸铁QT450-10\n阀芯橡胶：  NBR或EPDM\n阀杆螺母：  铸铝青铜或铸铝黄铜\n阀杆：      2Cr13\n阀盖：      球墨铸铁QT450-10\n止推轴承：  青铜或黄铜ZQSn5-5-5\n螺栓：     Q235A碳素钢镀锌","个",16,null,null,"手动闸阀"]
[2,"DN200泄水阀","1.型号：RVHX型或Z45X型（国标）\n2.基本性能：见技术条款；                 3.材质：                                阀体：球墨铸铁QT450\n阀盖：球墨铸铁QT450\n密封圈：三元乙丙橡胶（EPDM）\nO型密封圈：三元乙丙橡胶（EPDM）\n防尘罩：三元乙丙橡胶（EPDM）\n阀板：球墨铸铁QT450外覆三元乙丙橡胶（EPDM）\n螺母：青铜\n阀杆：不锈钢2Cr13\n止推轴承：青铜\n轴盖：球墨铸铁QT450\n手轮：球墨铸铁QT450\n密封：EPDM","个",4,null,null,"手动闸阀"]
[3,"DN300立式闸阀","1.型号：Z45X—1.0法兰式软密封弹性座封闸阀；\n2.基本性能：见技术条款；\n3.材质：\n阀体：     球墨铸铁QT450-10\n阀芯骨架：  球墨铸铁QT450-10\n阀芯橡胶：  NBR或EPDM\n阀杆螺母：  铸铝青铜或铸铝黄铜\n阀杆：      2Cr13\n阀盖：      球墨铸铁QT450-10\n止推轴承：  青铜或黄铜ZQSn5-5-5\n螺栓：     Q235A碳素钢镀锌\n","个",16,null,null,"手动闸阀"]
[4,"DN500卧式蝶阀","1.型号：D341X—1.0法兰式软密封蝶阀；\n2.基本性能：见技术条款；\n3.材质：阀体和阀板：球墨铸铁GGG-40或更好\n阀轴：不锈钢2Cr13或更好\n阀座：球墨铸铁GGG-40或更好\n轴承：铸铝青铜或黄铜\n密封：EPDM","个",5]
[5,"DN80蝶阀","1.型号：D341X—1.0法兰式软密封蝶阀；\n2.基本性能：见技术条款；\n3.材质：阀体和阀板：球墨铸铁GGG-40或更好\n阀轴：不锈钢2Cr13或更好\n阀座：球墨铸铁GGG-40或更好\n轴承：铸铝青铜或黄铜\n密封：EPDM","个",5]
[6,"DN80复合排气阀","1.型号：FGP4X—1.0法兰式给水管道复合式高速排气阀；\n2.基本性能：见技术条款；\n3.材质：\n阀体：球墨铸铁\n阀盖：球墨铸铁\n浮球：不锈钢外包丁腈橡胶\n螺栓、螺母：Q235A碳素钢镀锌\n","个",5]
["（三）","向阳路～北苑路"]
[1,"DN100立式闸阀","1.型号：Z45X—1.0法兰式软密封弹性座封闸阀；\n2.基本性能：见技术条款；\n3.材质：\n阀体：     球墨铸铁QT450-10\n阀芯骨架：  球墨铸铁QT450-10\n阀芯橡胶：  NBR或EPDM\n阀杆螺母：  铸铝青铜或铸铝黄铜\n阀杆：      2Cr13\n阀盖：      球墨铸铁QT450-10\n止推轴承：  青铜或黄铜ZQSn5-5-5\n螺栓：     Q235A碳素钢镀锌","个",5,null,null,"手动闸阀"]
[2,"DN200泄水阀","1.型号：RVHX型或Z45X型（国标）\n2.基本性能：见技术条款；                 3.材质：                                阀体：球墨铸铁QT450\n阀盖：球墨铸铁QT450\n密封圈：三元乙丙橡胶（EPDM）\nO型密封圈：三元乙丙橡胶（EPDM）\n防尘罩：三元乙丙橡胶（EPDM）\n阀板：球墨铸铁QT450外覆三元乙丙橡胶（EPDM）\n螺母：青铜\n阀杆：不锈钢2Cr13\n止推轴承：青铜\n轴盖：球墨铸铁QT450\n手轮：球墨铸铁QT450\n密封：EPDM","个",1,null,null,"手动闸阀"]
[3,"DN300立式闸阀","1.型号：Z45X—1.0法兰式软密封弹性座封闸阀；\n2.基本性能：见技术条款；\n3.材质：\n阀体：     球墨铸铁QT450-10\n阀芯骨架：  球墨铸铁QT450-10\n阀芯橡胶：  NBR或EPDM\n阀杆螺母：  铸铝青铜或铸铝黄铜\n阀杆：      2Cr13\n阀盖：      球墨铸铁QT450-10\n止推轴承：  青铜或黄铜ZQSn5-5-5\n螺栓：     Q235A碳素钢镀锌\n","个",1,null,null,"手动闸阀"]
[4,"DN500卧式蝶阀","1.型号：D341X—1.0法兰式软密封蝶阀；\n2.基本性能：见技术条款；\n3.材质：阀体和阀板：球墨铸铁GGG-40或更好\n阀轴：不锈钢2Cr13或更好\n阀座：球墨铸铁GGG-40或更好\n轴承：铸铝青铜或黄铜\n密封：EPDM","个",5]
[5,"DN80蝶阀","1.型号：D341X—1.0法兰式软密封蝶阀；\n2.基本性能：见技术条款；\n3.材质：阀体和阀板：球墨铸铁GGG-40或更好\n阀轴：不锈钢2Cr13或更好\n阀座：球墨铸铁GGG-40或更好\n轴承：铸铝青铜或黄铜\n密封：EPDM","个",2]
[6,"DN80复合排气阀","1.型号：FGP4X—1.0法兰式给水管道复合式高速排气阀；\n2.基本性能：见技术条款；\n3.材质：\n阀体：球墨铸铁\n阀盖：球墨铸铁\n浮球：不锈钢外包丁腈橡胶\n螺栓、螺母：Q235A碳素钢镀锌\n","个",2]
["（四）","中阳大道～东环路"]
[1,"DN100立式闸阀","1.型号：Z45X—1.0法兰式软密封弹性座封闸阀；\n2.基本性能：见技术条款；\n3.材质：\n阀体：     球墨铸铁QT450-10\n阀芯骨架：  球墨铸铁QT450-10\n阀芯橡胶：  NBR或EPDM\n阀杆螺母：  铸铝青铜或铸铝黄铜\n阀杆：      2Cr13\n阀盖：      球墨铸铁QT450-10\n止推轴承：  青铜或黄铜ZQSn5-5-5\n螺栓：     Q235A碳素钢镀锌\n","个",29,null,null,"手动闸阀"]
[2,"DN80复合排气阀","1.型号：FGP4X—1.0法兰式给水管道复合式高速排气阀；\n2.基本性能：见技术条款；\n3.材质：\n阀体：球墨铸铁\n阀盖：球墨铸铁\n浮球：不锈钢外包丁腈橡胶\n螺栓、螺母：Q235A碳素钢镀锌","个",8]
[3,"DN80蝶阀","1.型号：D341X—1.0法兰式软密封蝶阀；\n2.基本性能：见技术条款；\n3.材质：阀体和阀板：球墨铸铁GGG-40或更好\n阀轴：不锈钢2Cr13或更好\n阀座：球墨铸铁GGG-40或更好\n轴承：铸铝青铜或黄铜\n密封：EPDM","个",8]
[4,"DN200立式闸阀","1.型号：Z45X—1.0法兰式软密封弹性座封闸阀；\n2.基本性能：见技术条款；\n3.材质：\n阀体：     球墨铸铁QT450-10\n阀芯骨架：  球墨铸铁QT450-10\n阀芯橡胶：  NBR或EPDM\n阀杆螺母：  铸铝青铜或铸铝黄铜\n阀杆：      2Cr13\n阀盖：      球墨铸铁QT450-10\n止推轴承：  青铜或黄铜ZQSn5-5-5\n螺栓：     Q235A碳素钢镀锌","个",11,null,null,"手动闸阀"]
[5,"DN300立式闸阀","1.型号：Z45X—1.0法兰式软密封弹性座封闸阀；\n2.基本性能：见技术条款；\n3.材质：\n阀体：     球墨铸铁QT450-10\n阀芯骨架：  球墨铸铁QT450-10\n阀芯橡胶：  NBR或EPDM\n阀杆螺母：  铸铝青铜或铸铝黄铜\n阀杆：      2Cr13\n阀盖：      球墨铸铁QT450-10\n止推轴承：  青铜或黄铜ZQSn5-5-5\n螺栓：     Q235A碳素钢镀锌","个",8,null,null,"手动闸阀"]
[6,"DN80泄水阀","1.型号：RVHX型或Z45X型（国标）\n2.基本性能：见技术条款；                 3.材质：                                阀体：球墨铸铁QT450\n阀盖：球墨铸铁QT450\n密封圈：三元乙丙橡胶（EPDM）\nO型密封圈：三元乙丙橡胶（EPDM）\n防尘罩：三元乙丙橡胶（EPDM）\n阀板：球墨铸铁QT450外覆三元乙丙橡胶（EPDM）\n螺母：青铜\n阀杆：不锈钢2Cr13\n止推轴承：青铜\n轴盖：球墨铸铁QT450\n手轮：球墨铸铁QT450\n密封：EPDM","个",5,null,null,"手动闸阀"]
["(五）","滨河路～北环路"]
[1,"DN80蝶阀","1.型号：D341X—1.0法兰式软密封蝶阀；\n2.基本性能：见技术条款；\n3.材质：阀体和阀板：球墨铸铁GGG-40或更好\n阀轴：不锈钢2Cr13或更好\n阀座：球墨铸铁GGG-40或更好\n轴承：铸铝青铜或黄铜\n密封：EPDM","个",12]
[2,"DN80复合排气阀","1.型号：FGP4X—1.0法兰式给水管道复合式高速排气阀；\n2.基本性能：见技术条款；\n3.材质：\n阀体：球墨铸铁\n阀盖：球墨铸铁\n浮球：不锈钢外包丁腈橡胶\n螺栓、螺母：Q235A碳素钢镀锌","个",12]
[3,"DN200泄水阀","1.型号：RVHX型或Z45X型（国标）\n2.基本性能：见技术条款；                 3.材质：                                阀体：球墨铸铁QT450\n阀盖：球墨铸铁QT450\n密封圈：三元乙丙橡胶（EPDM）\nO型密封圈：三元乙丙橡胶（EPDM）\n防尘罩：三元乙丙橡胶（EPDM）\n阀板：球墨铸铁QT450外覆三元乙丙橡胶（EPDM）\n螺母：青铜\n阀杆：不锈钢2Cr13\n止推轴承：青铜\n轴盖：球墨铸铁QT450\n手轮：球墨铸铁QT450\n密封：EPDM","个",3,null,null,"手动闸阀"]
[4,"DN300立式闸阀","1.型号：Z45X—1.0法兰式软密封弹性座封闸阀；\n2.基本性能：见技术条款；\n3.材质：\n阀体：     球墨铸铁QT450-10\n阀芯骨架：  球墨铸铁QT450-10\n阀芯橡胶：  NBR或EPDM\n阀杆螺母：  铸铝青铜或铸铝黄铜\n阀杆：      2Cr13\n阀盖：      球墨铸铁QT450-10\n止推轴承：  青铜或黄铜ZQSn5-5-5\n螺栓：     Q235A碳素钢镀锌","个",4,null,null,"手动闸阀"]
[5,"DN200立式闸阀","1.型号：Z45X—1.0法兰式软密封弹性座封闸阀；\n2.基本性能：见技术条款；\n3.材质：\n阀体：     球墨铸铁QT450-10\n阀芯骨架：  球墨铸铁QT450-10\n阀芯橡胶：  NBR或EPDM\n阀杆螺母：  铸铝青铜或铸铝黄铜\n阀杆：      2Cr13\n阀盖：      球墨铸铁QT450-10\n止推轴承：  青铜或黄铜ZQSn5-5-5\n螺栓：     Q235A碳素钢镀锌","个",2,null,null,"手动闸阀"]
[6,"DN100立式闸阀","1.型号：Z45X—1.0法兰式软密封弹性座封闸阀；\n2.基本性能：见技术条款；\n3.材质：\n阀体：     球墨铸铁QT450-10\n阀芯骨架：  球墨铸铁QT450-10\n阀芯橡胶：  NBR或EPDM\n阀杆螺母：  铸铝青铜或铸铝黄铜\n阀杆：      2Cr13\n阀盖：      球墨铸铁QT450-10\n止推轴承：  青铜或黄铜ZQSn5-5-5\n螺栓：     Q235A碳素钢镀锌\n","个",40,null,null,"手动闸阀"]
[7,"DN800卧式蝶阀","1.型号：D341X—1.0法兰式软密封蝶阀；\n2.基本性能：见技术条款；\n3.材质：阀体和阀板：球墨铸铁GGG-40或更好\n阀轴：不锈钢2Cr13或更好\n阀座：球墨铸铁GGG-40或更好\n轴承：铸铝青铜或黄铜\n密封：EPDM","个",6]
[8,"DN400闸阀","1.型号：Z45X—1.0法兰式软密封弹性座封闸阀；\n2.基本性能：见技术条款；\n3.材质：\n阀体：     球墨铸铁QT450-10\n阀芯骨架：  球墨铸铁QT450-10\n阀芯橡胶：  NBR或EPDM\n阀杆螺母：  铸铝青铜或铸铝黄铜\n阀杆：      2Cr13\n阀盖：      球墨铸铁QT450-10\n止推轴承：  青铜或黄铜ZQSn5-5-5\n螺栓：     Q235A碳素钢镀锌","个",2,null,null,"手动闸阀"]
[9,"DN100泄水阀","1.型号：RVHX型或Z45X型（国标）\n2.基本性能：见技术条款；                 3.材质：                                阀体：球墨铸铁QT450\n阀盖：球墨铸铁QT450\n密封圈：三元乙丙橡胶（EPDM）\nO型密封圈：三元乙丙橡胶（EPDM）\n防尘罩：三元乙丙橡胶（EPDM）\n阀板：球墨铸铁QT450外覆三元乙丙橡胶（EPDM）\n螺母：青铜\n阀杆：不锈钢2Cr13\n止推轴承：青铜\n轴盖：球墨铸铁QT450\n手轮：球墨铸铁QT450\n密封：EPDM","个",1,null,null,"手动闸阀"]
[null,"合计"]